00374pab a2200121 454500008004000000100003500040245010100075260000900176300001200185362000900197650002400206773002200230180718b1986 xxu||||| |||| 00| 0 eng d aMishra, Jitendra M. and others aWomen managers in India and USbAn analysis in India and of attitudes, myths and skills (Part I) c1986 a25-9.56 aMar. aWomen as Executives aIndian Management